MARC

LEADER 00000nam0a2200000 4500
001 237716
005 20231101231546.0
035 |a (RuTPU)RU\TPU\book\258891 
090 |a 237716 
100 |a 20130517d2012 m y0rusy50 ca 
101 0 |a rus 
102 |a RU 
105 |a ac z 001zy 
200 1 |a Боевой и трудовой подвиг советских женщин в годы Великой отечественной войны 1941-1945 гг.  |f В. И. Елгазин, Т. Ю. Могилевская 
210 |a Томск  |c Изд-во ТПУ  |d 2012 
215 |a 220 с.  |c ил. 
320 |a Библиогр.: с. 213-216 
606 1 |a Женщины в Великой Отечественной войне 1941-1945  |2 stltpush  |3 (RuTPU)RU\TPU\subj\66622  |9 82673 
610 1 |a тыл 
610 1 |a Великая Отечественная война 1941-1945 
610 1 |a история 
610 1 |a боевые действия 
610 1 |a мемуары 
610 1 |a Томский политехнический институт 
610 1 |a Томский политехнический университет 
686 |a Т3(2)622-28  |v LBC/SL-A  |2 rubbk 
700 1 |a Елгазин  |b В. И.  |c доцент кафедры общей электротехники и охраны труда ТПИ  |f 1925-  |g Виктор Иванович  |2 stltpush  |3 (RuTPU)RU\TPU\pers\27226 
701 1 |a Могилевская  |b Т. Ю.  |c специалист в области электротехники  |c преподаватель Томского политехнического университета  |c выпускница энергетического ф-та ТПИ 1945  |f 1922-  |g Тамара Юрьевна  |2 stltpush  |3 (RuTPU)RU\TPU\pers\8861 
801 1 |a RU  |b 63413507  |c 20130517 
801 2 |a RU  |b 63413507  |c 20191213  |g RCR 
942 |c BK